00317nam a2200121Ia 4500008004100000041000800041082001400049100002100063245003700084260003200121300003300153365000900186240624s9999 xx 000 0 und d aeng a005.5 NOR aNORUSIS MARIJA J aSPSS 14 0 GUIDE TO DATA ANALYSIS c2006aLondonbPrentice-Hall axviii, : 649 : p. : cm. ; 22 cb30